| 000 | 00664cam a2200193 i 4500 | ||
|---|---|---|---|
| 005 | 20251127115834.0 | ||
| 008 | 250721s2002 ua gr 000 0 ara d | ||
| 082 | 1 | 4 |
_a211.87 _bم ح م |
| 100 | 1 |
_aمحمود، محمد حامد _eمؤلف. |
|
| 245 | 1 | 0 |
_aفي رياض السلف الصالح / _cتاليف محمد حامد محمود. |
| 250 | _aالطبعة الاولى. | ||
| 264 | 3 | 1 |
_aالمنصورة : _bدار ابن رجب، _c2002. |
| 300 | _a280 صفحة. | ||
| 650 | 1 | 7 | _aالقرآن الكريم. |
| 650 | 1 | 7 | _aالحكم و المواعظ. |
| 650 | 1 | 7 | _aالسيرة النبوية. |
| 942 |
_2ddc _cBK |
||
| 999 |
_c48913 _d48913 |
||